Ermeni sorununda tehcir ve ötesi (Record no. 5031)

MARC details
000 -BAŞLIK
Sabit Uzunlukta Kontrol Alanı 00609na a2200229 4500
001 - KONTROL NUMARASI
Denetim Alanı 18199
003 - KONTROL NUMARASI IDENTIFIER
Denetim Alanı MIRAKIL
005 - SON İŞLEM TARİHİ VE ZAMANI
Denetim Alanı 20181213155025.0
008 - SABİT-BOY VERİ ELEMANLARI - GENEL BİLGİLER
Sabit Uzunlukta Kontrol Alanı 161114b tu 000 0
020 ## - ULUSLARARASI STANDART KİTAP NUMARASI
Uluslararası Standart Kitap Numarası 9786058365797
040 ## - KATALOGLAMA KAYNAK
Orijinal Kataloglama Ajansı Milas
Kataloglama Dili tur
Metne Dönüştürmek Ajansı TR-AnCHP
041 ## - DİL KODU
Metin / Ses Parça Veya Ayrı Başlığın Dil Kodu tur
082 ## - DEWEY ONLU SINIFLANDIRMA NUMARASI
Sınıflandırma Numarası 956.101543
Ürün Numarası Ç51e 2016
090 ## - SINIFLAMA NUMARASI
Sınıflama Numarası 956.101543 Ç51e 2016
100 ## - ANA GİRİŞ - KİŞİSEL İSİM
Kişisel Ad Çiçek, Kemal
245 ## - BAŞLIK TABLOSU
Başlık Ermeni sorununda tehcir ve ötesi
Sorumluluk Tablosu, Vb Kemal Çiçek
260 ## - YAYIN, DAĞITIM, VB
Yayın, Dağıtım, Vb Yeri Ankara
Yayıncı, Dağıtıcı, Vs Adı Astana Yayınları
Yayın, Dağıtım, Vb Tarihi 2016
300 ## - FİZİKSEL TANIM
Kapsam 397 s.
Diğer Fiziksel Ayrıntıları tbl.
Boyutlar 21 sm.
504 ## - KAYNAKÇA VB NOT
Kaynakça Vb Notu Dizin var
650 ## - KONU KATMA GİRİŞ - TOPİKAL DÖNEM
Topikal Süreli Veya Coğrafi Ad Giriş Elemanı Ermeni Sorunu
Genel Alt Bölümü Tecrit
942 ## - EKLENDİ GİRİŞ ELEMANLARI (KOHA)
Sınıflandırma Veya Raf Düzeni Kaynak Dewey Decimal Classification
Koha Öğesi Türü Books
999 ## - SİSTEM KONTROL NUMARALARI (KOHA)
Koha Biblionumber 5031
Koha Biblioitemnumber 5031
Holdings
Kalıcı Konum Mevcut Konum Edinme Tarihi Edinim Kaynak Toplam Check-Out'Lar Tam Çağrı Numarası Barkod Tarih Son Görülme İtibaren Geçerli Fiyatlar Koha Öğesi Türü
CHP Kütüphanesi CHP Kütüphanesi 11/14/2016 Bağış   956.101543 Ç51e 2016 009814 11/14/2016 11/14/2016 Books